MLB Top MVP, Cy Young, and ROY 1993 - Statistics

General Stats
  • This quiz has been taken 35 times
  • The average score is 19 of 40
Answer Stats
Hint Answer Team Pos. % Correct
1 Barry Bonds SFG LF
96%
1 Frank Thomas CHW 1B
96%
1 Greg Maddux ATL P
96%
3 Tom Glavine ATL P
92%
5 Ken Griffey Jr. SEA CF
88%
9 Mike Piazza LAD C
83%
1 Mike Piazza LAD C
83%
2 Randy Johnson SEA P
83%
4 Fred McGriff SDP/ATL 1B
79%
6 Roberto Alomar TOR 2B
79%
8 Rafael Palmeiro TEX 1B
75%
4 Juan González TEX LF
71%
6 Matt Williams SFG 3B
71%
10 Andrés Galarraga COL 1B
67%
3 David Justice ATL RF
63%
9 Jack McDowell CHW P
63%
1 Jack McDowell CHW P
63%
7 Albert Belle CLE LF
58%
1 Tim Salmon CAL RF
58%
10 Carlos Baerga CLE 2B
50%
3 John Olerud TOR 1B
50%
2 Lenny Dykstra PHI CF
50%
2 Paul Molitor TOR DH
46%
8 Marquis Grissom MON CF
42%
4 Jimmy Key NYY P
38%
3 Kevin Appier KCR P
38%
5 Ron Gant ATL LF
38%
5 José Rijo CIN P
29%
2 Bill Swift SFG P
21%
7 Darren Daulton PHI C
13%
4 John Burkett SFG P
13%
2 Greg McMichael ATL P
8%
3 Aaron Sele BOS P
4%
5 Al Martin PIT LF
4%
4 Chuck Carr FLA CF
4%
5 Duane Ward TOR P
4%
2 Jason Bere CHW P
4%
3 Jeff Conine FLA LF
4%
5 Rich Amaral SEA 2B
4%
4 Wayne Kirby CLE RF
4%
No matching quizzes found
Score Distribution
Percent of People with Each Score
Percentile by Number Answered
Your Score History
You have not taken this quiz